Carta del Papa Juan Pablo II a los sacerdotes con ocasión del jueves santo 1988

Uloženo v:
Podrobná bibliografie
Médium: Kniha
Jazyk:španělština
Vydáno: Santiago Salesiana 1988
Témata:
Tagy: Přidat tag
Žádné tagy, Buďte první, kdo vytvoří štítek k tomuto záznamu!

MARC

LEADER 00000nam a2200000 a 4500
001 UCL1153
003 CL-VaPUC
008 030905e19880000CL |||||||||||||||||spa|d
082 0 4 |a 262.91  |b CAR  |2 21 
245 1 0 |a Carta del Papa Juan Pablo II a los sacerdotes con ocasión del jueves santo 1988 
300 |a 20 p 
942 |c BK 
945 |d 20030905 00:00:00  |a rbrito 
260 |a Santiago  |b Salesiana  |c 1988 
600 0 |a Juan Pablo II  |9 309920 
650 0 |a Documentos pontificios   |9 255642 
650 0 |a Sacerdotes   |9 315705 
583 |a last modification  |c 20030905 00:00:00  |k Rodrigo Vera 
999 |c 304816  |d 304814 
952 |0 0  |1 0  |4 0  |6 262_910000000000000_CAR_1988  |7 0  |8 A  |9 367566  |a BIBTEO  |b BIBTEO  |d 2019-11-21  |i 3910121  |o 262.91 CAR 1988  |p 3910121  |r 2025-01-17  |w 2019-11-21  |y BK  |k ICR